[Event "BCF-ch U180"]
[Site "Coventry"]
[Date "2015.07.31"]
[Round "5"]
[White "Rossiter, Alex"]
[Black "Ai, Farshad"]
[Result "1-0"]
[WhiteElo "1930"]
[BlackElo "1922"]
[PlyCount "61"]
[EventDate "2015.07.27"]
[EventType "swiss"]
[EventRounds "5"]
[EventCountry "ENG"]
[SourceTitle "EXT 2016"]
[Source "ChessBase"]
[SourceDate "2015.10.08"]
[SourceVersion "1"]
[SourceVersionDate "2015.10.08"]
[SourceQuality "1"]

1. e4 c6 2. d4 d5 3. Nd2 dxe4 4. Nxe4 Bf5 5. Ng3 Bg6 6. h4 h6 7. Nf3 Nd7 8. h5 Bh7 9. Bd3 Bxd3 10. Qxd3 e6 11. Bd2 Ngf6 12. 0-0-0 Be7 13. Kb1 0-0 14. Ne4 Nxe4 15. Qxe4 Nf6 16. Qe2 Qd5 17. Ne5 Qe4 18. Be3 Nd5 19. Rh3 Rad8 20. Rg3 Nxe3 21. Rxe3 Qh7 22. Qg4 Bf6 23. Ng6 Rfe8 24. Re4 Rd5 25. f4 c5 26. f5 Rxd4 27. Rdxd4 cxd4 28. fxe6 fxe6 29. Rxe6 Kf7 30. Rxe8 Kxe8 31. Qc8+ 1-0

[Event "GBR-ch Major 102nd"]
[Site "Coventry"]
[Date "2015.07.30"]
[Round "4"]
[White "Jones, Chris S"]
[Black "Rossiter, Alex"]
[Result "1-0"]
[WhiteElo "2015"]
[BlackElo "1930"]
[PlyCount "67"]
[EventDate "2015.07.27"]
[EventType "swiss"]
[EventRounds "11"]
[EventCountry "ENG"]
[SourceTitle "CBM 167 Extra"]
[Source "ChessBase"]
[SourceDate "2015.09.14"]
[SourceVersion "1"]
[SourceVersionDate "2015.09.14"]
[SourceQuality "1"]

1. e4 Nf6 2. Nc3 e5 3. d4 exd4 4. Qxd4 Nc6 5. Qe3 b6 6. Bd2 Bc5 7. Qg3 Nd4 8. 0-0-0 Bb7 9. e5 Nh5 10. Qg4 g6 11. Bg5 f5 12. Qh4 Qc8 13. Rxd4 Bxd4 14. Qxd4 h6 15. Bf6 0-0 16. Nh3 Qe8 17. Bc4+ Kh7 18. Nd5 Bxd5 19. Bxd5 c6 20. Bb3 a5 21. c3 b5 22. Qh4 a4 23. Bc2 Nxf6 24. exf6 Kg8 25. Qxh6 Rxf6 26. Ng5 Qe7 27. h4 a3 28. b3 Re8 29. Bd3 Qc5 30. Qh7+ Kf8 31. Qh8+ Ke7 32. Qg7+ Kd8 33. Qxf6+ Kc8 34. Qd4 1-0

[Event "GBR-ch Major 102nd"]
[Site "Coventry"]
[Date "2015.07.28"]
[Round "2"]
[White "Talbot, Nathan"]
[Black "Rossiter, Alex"]
[Result "1-0"]
[WhiteElo "2035"]
[BlackElo "1930"]
[PlyCount "75"]
[EventDate "2015.07.27"]
[EventType "swiss"]
[EventRounds "11"]
[EventCountry "ENG"]
[SourceTitle "CBM 167 Extra"]
[Source "ChessBase"]
[SourceDate "2015.09.14"]
[SourceVersion "1"]
[SourceVersionDate "2015.09.14"]
[SourceQuality "1"]

1. Nf3 d6 2. g3 f5 3. d4 Nf6 4. Bg2 g6 5. 0-0 Bg7 6. c4 0-0 7. Nc3 Qe8 8. d5 a5 9. Nd4 e5 10. dxe6 c6 11. Bf4 Qe7 12. Qd2 Rd8 13. Rfe1 Bxe6 14. e4 fxe4 15. Nxe4 Nxe4 16. Rxe4 Bxd4 17. Rxd4 Qf7 18. Re1 Na6 19. Bxd6 Rd7 20. Rde4 Nc5 21. Rf4 Bf5 22. Re5 Rad8 23. Rfxf5 gxf5 24. Qg5+ Qg6 25. Qxg6+ hxg6 26. Bxc5 Rd1+ 27. Bf1 Ra1 28. Kg2 Rdd1 29. Be2 Re1 30. Bd4 Rxa2 31. Bc3 Rea1 32. c5 Ra4 33. b3 Rc1 34. bxa4 Rxc3 35. Re8+ Kf7 36. Rb8 Rxc5 37. Rxb7+ Kf6 38. Rb6 1-0